आज़ादी के क्रांति - गीत / (Record no. 121497)

MARC details
000 -LEADER
fixed length control field 01213nam a22002657a 4500
005 - DATE AND TIME OF LATEST TRANSACTION
control field 20170124103215.0
010 ## - LIBRARY OF CONGRESS CONTROL NUMBER
LC control number A-695783
020 ## - INTERNATIONAL STANDARD BOOK NUMBER
Terms of availability 150.00
035 ## - SYSTEM CONTROL NUMBER
System control number A-695783
037 ## - SOURCE OF ACQUISITION
Source of stock number/acquisition Cen Lib/Ret
040 ## - CATALOGING SOURCE
Original cataloging agency DPL
Language of cataloging HN
082 ## - DEWEY DECIMAL CLASSIFICATION NUMBER
Classification number 821
Item number आज़ादी
110 ## - MAIN ENTRY--CORPORATE NAME
Corporate name or jurisdiction name as entry element समाजवादी शिक्षा संस्थान
9 (RLIN) 98847
245 ## - TITLE STATEMENT
Title आज़ादी के क्रांति - गीत /
246 ## - VARYING FORM OF TITLE
Title proper/short title Azadi ke kranti - geet /
260 ## - PUBLICATION, DISTRIBUTION, ETC. (IMPRINT)
Place of publication, distribution, etc नयी दिल्ली
Name of publisher, distributor, etc अखिल भारतीय आन्दोलन अनुसन्धान एवं प्रलेखन केंद्र
Date of publication, distribution, etc 1995
270 ## - ADDRESS
City नयी दिल्ली
Address सेक्युलर हाउस, ९/1 इंस्टीतुश्नल एरिया
Postal code 110067
300 ## - PHYSICAL DESCRIPTION
Extent xvi,238पृ.
Dimensions 21सेमी(सजिल्द )
500 ## - GENERAL NOTE
General note सन्दर्भ सूची शामिल
650 ## - SUBJECT ADDED ENTRY--TOPICAL TERM
Topical term or geographic name as entry element साहित्य -- गीत
General subdivision
Geographic subdivision
9 (RLIN) 111927
650 ## - SUBJECT ADDED ENTRY--TOPICAL TERM
Topical term or geographic name as entry element हिंदी --गीत
9 (RLIN) 111928
650 ## - SUBJECT ADDED ENTRY--TOPICAL TERM
Topical term or geographic name as entry element Literature -- songs
9 (RLIN) 77673
650 ## - SUBJECT ADDED ENTRY--TOPICAL TERM
Topical term or geographic name as entry element History -- songs
9 (RLIN) 98850
942 ## - ADDED ENTRY ELEMENTS (KOHA)
Source of classification or shelving scheme Dewey Decimal Classification
Koha item type Hindi Books
Classification part 821
Call number suffix आज़ादी
Holdings
Withdrawn status Lost status Damaged status Not for loan Home library Current library Date acquired Source of acquisition Cost, normal purchase price Total Checkouts Full call number Barcode Date last seen Copy number Cost, replacement price Price effective from Koha item type
        Central Library Central Library 08/10/2015 Cen Lib/Ref 150.00   821 आज़ादी A-695783 08/10/2015 1 150.00 08/10/2015 Hindi Books

© Delhi Public Library
Hit Counter
free hit counter